| 000 | 01427nac a22003131i 4500 | ||
|---|---|---|---|
| 003 | EG-ScBUE | ||
| 005 | 20240128142627.0 | ||
| 008 | 121121s2005 sy o f b 001 0 ara d | ||
| 040 |
_aEG-ScBUE _bara _erda _cEG-ScBUE _dEG-ScBUE |
||
| 043 | _acl----- | ||
| 082 | 0 | 4 |
_a980.01 _bس ي ج _222 |
| 100 | 1 |
_aسيجورنه، لاوريت، _d1914- _eمؤلف. |
|
| 240 | 1 | 0 |
_aAmerica Latina : antiguas culturas precolombinas. _lArabic |
| 245 | 1 | 2 |
_aالثقافات الأميركية اللاتينية القديمة / _cلاوريت سيجورنه ؛ ترجمة صالح علماني. |
| 246 | 3 | _aثقافات الأمريكية اللاتينية القديمة | |
| 264 | 1 |
_aدمشق : _bمنشورات وزارة الثقافة، _c2005. |
|
| 300 |
_a397 صفحة : _bصور ؛ _c24 سم. |
||
| 336 |
_2rdacontent _aنص _btxt |
||
| 337 |
_aبدون وسيط _2rdamedia _bn |
||
| 338 |
_aمجلد _bnc _2rdacarrier |
||
| 490 | 0 | _aالمشروع القومي للترجمة | |
| 504 | _aيشتمل على إرجاعات ببليوجرافية وكشافات. | ||
| 546 | _aالنص باللغة العربية وتم ترجمته من اللغة الإنجليزية. | ||
| 651 | 7 |
_aأمريكا الجنوبية _xتاريخ. _2BUEsh |
|
| 651 | 7 |
_aأمريكا الجنوبية _xحضارة. _2BUEsh |
|
| 655 | _vReading book | ||
| 700 | 1 |
_aعلماني، صالح، _d1951- _eمترجم. |
|
| 942 |
_cBB _2ddc |
||
| 999 |
_c6211 _d6211 |
||